[Event "Women's Speed Chess Q7"]
[Site "chess.com INT"]
[Date "2021.06.06"]
[Round "20"]
[White "Ziegenfuss, Antonia"]
[Black "Szente Varga, Fruzsina"]
[Result "1/2-1/2"]
[WhiteTitle "WFM"]
[BlackTitle "WFM"]
[WhiteElo "2157"]
[BlackElo "2100"]
[WhiteFideId "12962554"]
[BlackFideId "712264"]
[EventDate "2021.06.06"]

1. d4 Nf6 2. c4 g6 3. Nc3 Bg7 4. e4 d6 5. Be2 O-O 6. Be3 e5 7. d5 Ne8 8. g4 f5
9. gxf5 gxf5 10. exf5 Bxf5 11. Qd2 Nd7 12. h4 Nef6 13. Nh3 Ne4 14. Nxe4 Bxe4 15.
Rg1 Kh8 16. Ng5 Bf5 17. Bd3 Nc5 18. Bxf5 Rxf5 19. Bxc5 dxc5 20. Ne6 Qxh4 21.
Nxg7 Rf4 22. b3 Re4+ 23. Kf1 Qh3+ 24. Rg2 Qh1+ 25. Rg1 Qh3+ 26. Rg2 Rg8 27. Qg5
Qh1+ 28. Rg1 Qh3+ 29. Rg2 Qh1+ 30. Rg1 Qh3+ 31. Rg2 1/2-1/2

[Event "Women's Speed Chess Q7"]
[Site "chess.com INT"]
[Date "2021.06.06"]
[Round "20"]
[White "Antolak, Julia"]
[Black "Ortiz Verdezoto, Anahi"]
[Result "0-1"]
[WhiteTitle "WIM"]
[BlackTitle "WIM"]
[WhiteElo "2309"]
[BlackElo "2013"]
[WhiteFideId "1159569"]
[BlackFideId "3614581"]
[EventDate "2021.06.06"]

1. e4 e5 2. Nf3 Nc6 3. Bb5 a6 4. Ba4 Nf6 5. O-O b5 6. Bb3 Bc5 7. c3 d6 8. d4 Bb6
9. Be3 O-O 10. Nbd2 Bg4 11. h3 Bh5 12. g4 Bg6 13. d5 Ne7 14. Bxb6 cxb6 15. Qe2
Rc8 16. Nh4 Qc7 17. Ndf3 Bxe4 18. Rad1 Bxd5 19. Bxd5 Nfxd5 20. Ng5 h6 21. Ne4
Nf4 22. Qf3 d5 23. Ng3 e4 24. Qe3 Nxh3+ 25. Kh2 Ng5 26. Nf5 Nxf5 27. gxf5 Rce8
28. Rxd5 Qc4 29. Rfd1 Qxa2 30. Qxb6 Qxb2 31. c4 e3 32. cxb5 Qxf2+ 33. Kh1 Qxg3 0-1

[Event "Women's Speed Chess Q7"]
[Site "chess.com INT"]
[Date "2021.06.06"]
[Round "20"]
[White "Zakirova, Aisha"]
[Black "Bodnaruk, Anastasia"]
[Result "0-1"]
[WhiteTitle "WCM"]
[BlackTitle "IM"]
[WhiteElo "1585"]
[BlackElo "2446"]
[WhiteFideId "13719734"]
[BlackFideId "4181751"]
[EventDate "2021.06.06"]

1. d4 Nf6 2. c4 g6 3. Nc3 Bg7 4. e4 d6 5. Nge2 O-O 6. Ng3 e5 7. d5 h5 8. h4 a5
9. Be2 Na6 10. Bg5 Qe8 11. Qd2 Nh7 12. Be3 Bd7 13. O-O-O Nc5 14. Rdg1 a4 15. Kb1
Kh8 16. Bxh5 gxh5 17. Nxh5 f5 18. Nxg7 Kxg7 19. Bh6+ Kh8 20. Bxf8 Qxf8 21. f3
fxe4 22. fxe4 Qf4 23. Qxf4 exf4 24. Rf1 Rf8 25. g3 f3 26. Rf2 Bg4 27. Rhf1 Nd3
28. Rd2 Ne5 29. b3 axb3 30. axb3 Nf6 31. Kb2 Nh5 32. Rg1 Bh3 33. Rf2 Nd3+ 34.
Kc2 Nxf2 35. Kd2 Ng4 36. Nb5 f2 0-1

[Event "Women's Speed Chess Q7"]
[Site "chess.com INT"]
[Date "2021.06.06"]
[Round "20"]
[White "Perez Rodriguez, Jennifer"]
[Black "Mohota, Nisha"]
[Result "1-0"]
[WhiteTitle "WIM"]
[BlackTitle "IM"]
[WhiteElo "2251"]
[BlackElo "2195"]
[WhiteFideId "3507831"]
[BlackFideId "5004330"]
[EventDate "2021.06.06"]

1. e4 Nf6 2. Nc3 d5 3. e5 Ne4 4. Nce2 d4 5. d3 Nc5 6. f4 Bf5 7. Nf3 Ne6 8. Ng3
Bg4 9. h3 Bxf3 10. Qxf3 Nc6 11. Be2 Qd7 12. O-O O-O-O 13. Ne4 g6 14. Qg3 h5 15.
Bd2 Bh6 16. c3 dxc3 17. bxc3 Kb8 18. d4 Nexd4 19. cxd4 Qxd4+ 20. Be3 Qxe4 21.
Rab1 Nxe5 22. Ba6 b6 23. Rfe1 Nd3 24. Bxb6 Nxe1 25. Bxc7+ Kxc7 26. Qc3+ Qc6 27.
Rb7+ Kd6 28. Qe5# 1-0

[Event "Women's Speed Chess Q7"]
[Site "chess.com INT"]
[Date "2021.06.06"]
[Round "20"]
[White "Ortez, Andrea"]
[Black "Zaichenko, Daria"]
[Result "0-1"]
[WhiteTitle "WIM"]
[BlackTitle "WFM"]
[WhiteElo "1969"]
[BlackElo "2104"]
[WhiteFideId "6702392"]
[BlackFideId "4197453"]
[EventDate "2021.06.06"]

1. e4 c5 2. c3 d5 3. exd5 Qxd5 4. d4 cxd4 5. cxd4 Nc6 6. Nf3 e6 7. Nc3 Qd8 8.
Bb5 Bb4 9. O-O Bxc3 10. bxc3 Nf6 11. Bg5 h6 12. Bh4 O-O 13. Rb1 Bd7 14. Qe2 g5
15. Nxg5 hxg5 16. Bxg5 Kg7 17. f3 Rh8 18. Bxc6 Bxc6 19. Qe5 Kg6 20. c4 Rh5 21.
f4 Ng4 22. Qe2 Qxd4+ 23. Rf2 Qxf2+ 24. Qxf2 Nxf2 25. Kxf2 Rxh2 26. Kg3 Rxg2+ 0-1

[Event "Women's Speed Chess Q7"]
[Site "chess.com INT"]
[Date "2021.06.06"]
[Round "20"]
[White "Kashlinskaya, Alina"]
[Black "Kulkarni, Bhakti"]
[Result "1-0"]
[WhiteTitle "IM"]
[BlackTitle "IM"]
[WhiteElo "2494"]
[BlackElo "2391"]
[WhiteFideId "4198026"]
[BlackFideId "5019516"]
[EventDate "2021.06.06"]

1. d4 f5 2. c4 Nf6 3. Nc3 g6 4. h4 Bg7 5. h5 d6 6. h6 Bf8 7. Bg5 Nc6 8. Nf3 Ne4
9. Nxe4 fxe4 10. Nd2 Bf5 11. e3 Qd7 12. Be2 O-O-O 13. g4 Be6 14. d5 Nb4 15. dxe6
Qxe6 16. a3 Nd3+ 17. Bxd3 exd3 18. Qf3 Qd7 19. O-O-O Re8 20. Ne4 Qc6 21. Kb1
Qxc4 22. Rc1 Qb5 23. Qf7 Kb8 24. Rc3 d2 25. Nxd2 Rc8 26. Nf3 Qe2 27. Rhc1 Qxf2
28. Rxc7 Rd8 29. Bxe7 Bxe7 30. Qxe7 Qxf3 31. e4 Qd3+ 32. Ka2 Qb5 33. R1c3 Rhe8
34. Qxh7 Rxe4 35. Rb3 Qd5 36. Rxb7+ Ka8 37. Rxa7# 1-0

[Event "Women's Speed Chess Q7"]
[Site "chess.com INT"]
[Date "2021.06.06"]
[Round "20"]
[White "Vine, Elzbieta"]
[Black "Hng, Mei-En Emmanuelle"]
[Result "0-1"]
[WhiteTitle "WFM"]
[BlackTitle "WFM"]
[WhiteElo "2138"]
[BlackElo "2013"]
[WhiteFideId "1119320"]
[BlackFideId "5804566"]
[EventDate "2021.06.06"]

1. e4 d6 2. d4 Nf6 3. Bd3 g6 4. f4 Bg7 5. Nf3 O-O 6. O-O c5 7. c3 Nc6 8. f5 Qb6
9. Kh1 cxd4 10. fxg6 hxg6 11. Qe1 Bg4 12. Qh4 Bxf3 13. Rxf3 Ne5 14. Rh3 dxc3 15.
Nxc3 Qd4 16. Be3 Qxd3 17. Bh6 Qxh3 18. Qxh3 Nfg4 19. Qh4 Bxh6 20. h3 g5 21. Qh5
Nf2+ 22. Kg1 Bg7 23. Qxg5 Nfd3 24. h4 f6 0-1

[Event "Women's Speed Chess Q7"]
[Site "chess.com INT"]
[Date "2021.06.06"]
[Round "20"]
[White "Babiy, Olga"]
[Black "Shuvalova, Polina"]
[Result "0-1"]
[WhiteTitle "WGM"]
[BlackTitle "IM"]
[WhiteElo "2280"]
[BlackElo "2489"]
[WhiteFideId "14117258"]
[BlackFideId "24171760"]
[EventDate "2021.06.06"]

1. d4 Nf6 2. Nf3 e6 3. Bf4 b6 4. e3 Bb7 5. Nbd2 Be7 6. Bd3 O-O 7. h3 d6 8. O-O
Nbd7 9. Re1 Re8 10. e4 Bf8 11. e5 Nd5 12. Bg3 dxe5 13. dxe5 Nc5 14. Bc4 Qe7 15.
Bh4 Qd7 16. a3 Be7 17. Bxe7 Qxe7 18. Qe2 Rad8 19. g3 h6 20. Rad1 a5 21. Bb5 c6
22. Bc4 Nc7 23. Ne4 Nxe4 24. Qxe4 b5 25. Bd3 g6 26. Qf4 Kg7 27. Nd2 Nd5 28. Qf3
Qg5 29. Ne4 Qxe5 30. Nc5 Qc7 31. b4 axb4 32. axb4 Nxb4 33. Be4 Rxd1 34. Rxd1 Nd5
35. Qd3 Qe7 36. Qd4+ e5 37. Qd3 Qxc5 38. Qf3 Re6 39. Ra1 Rf6 40. Qe2 Nc3 0-1

[Event "Women's Speed Chess Q7"]
[Site "chess.com INT"]
[Date "2021.06.06"]
[Round "20"]
[White "Eswaran, Ashritha"]
[Black "Vantika, Agrawal"]
[Result "1-0"]
[WhiteTitle "WIM"]
[BlackTitle "WIM"]
[WhiteElo "2244"]
[BlackElo "2286"]
[WhiteFideId "2080788"]
[BlackFideId "25050389"]
[EventDate "2021.06.06"]

1. e4 c5 2. Nf3 e6 3. d4 cxd4 4. Nxd4 Nc6 5. Nc3 Qc7 6. Be3 a6 7. Qf3 Nf6 8.
O-O-O h5 9. Qg3 d6 10. f4 h4 11. Qh3 Nxd4 12. e5 dxe5 13. fxe5 Qxe5 14. Bxd4 Qc7
15. Be2 Bc5 16. Qe3 Bxd4 17. Rxd4 Bd7 18. Rhd1 Bc6 19. Qg5 Kf8 20. Rxh4 Rxh4 21.
Qxh4 Kg8 22. Rd3 Rd8 23. Rh3 Kf8 24. Qg5 Ke7 25. Rh7 Rg8 26. Rh3 Qd6 27. Rd3
Qxh2 28. Qc5+ Ke8 29. b4 Qh1+ 30. Kb2 Qxg2 31. Qd6 Nd7 32. b5 axb5 33. Bf3 Bxf3
34. Qxd7+ Kf8 35. Qd8# 1-0

[Event "Women's Speed Chess Q7"]
[Site "chess.com INT"]
[Date "2021.06.06"]
[Round "20"]
[White "Nikolova, Adriana"]
[Black "Nandhidhaa, P V"]
[Result "1-0"]
[WhiteTitle "WGM"]
[BlackTitle "WGM"]
[WhiteElo "2243"]
[BlackElo "2365"]
[WhiteFideId "2908689"]
[BlackFideId "5050847"]
[EventDate "2021.06.06"]

1. e4 c5 2. Nf3 e6 3. d4 cxd4 4. Nxd4 Nc6 5. Nc3 Qc7 6. Nb3 Nf6 7. Bd3 a6 8. Qe2
d6 9. O-O Be7 10. f4 O-O 11. a4 Bd7 12. a5 Nb4 13. Be3 Nxd3 14. cxd3 Bc6 15. Bb6
Qd7 16. e5 Nd5 17. Ne4 Nxb6 18. axb6 dxe5 19. fxe5 Bd5 20. Nbd2 Qc6 21. Qf2 Rad8
22. Rac1 Qb5 23. Rc7 Rd7 24. Rxd7 Qxd7 25. Rc1 Bxe4 26. dxe4 Rd8 27. Rc7 Qe8 28.
h3 Bb4 29. Nc4 Rd7 30. Nd6 Bxd6 31. exd6 Rxd6 32. Rxb7 Qd8 33. Qxf7+ Kh8 34.
Qxg7# 1-0

[Event "Women's Speed Chess Q7"]
[Site "chess.com INT"]
[Date "2021.06.06"]
[Round "20"]
[White "Grineva, Marianna"]
[Black "Dong, Khanh Linh"]
[Result "0-1"]
[WhiteTitle "WFM"]
[BlackTitle "WCM"]
[WhiteElo "2029"]
[BlackElo "1970"]
[WhiteFideId "14102013"]
[BlackFideId "12403040"]
[EventDate "2021.06.06"]

1. e4 b6 2. d4 Bb7 3. Nc3 d6 4. Nf3 Nd7 5. Be3 e6 6. Be2 Be7 7. O-O Ngf6 8. Nd2
O-O 9. f3 c5 10. Re1 cxd4 11. Bxd4 e5 12. Bf2 d5 13. exd5 Nxd5 14. Nde4 N7f6 15.
Bc4 Nxc3 16. Nxc3 Qc7 17. Bb3 Bc5 18. Qe2 Bxf2+ 19. Qxf2 Rfe8 20. Re2 e4 21.
fxe4 Nxe4 22. Nxe4 Rxe4 23. Rae1 Rxe2 24. Rxe2 Rf8 25. h3 h6 26. c3 Qc6 27. Re3
Qd6 28. Rf3 Bxf3 29. Qxf3 Qc5+ 30. Kh2 b5 31. Bc2 Qe5+ 32. Kh1 Rd8 33. Qf1 Rd2
34. Bb3 Re2 35. Qxf7+ Kh7 36. Qg8+ Kg6 37. Qf7+ Kg5 38. h4+ Kxh4 39. Qf3 Re1+
40. Qf1 Rxf1# 0-1

[Event "Women's Speed Chess Q7"]
[Site "chess.com INT"]
[Date "2021.06.06"]
[Round "20"]
[White "Papp, Petra"]
[Black "Koridze, Lile"]
[Result "0-1"]
[WhiteTitle "WGM"]
[BlackTitle "WFM"]
[WhiteElo "2336"]
[BlackElo "2016"]
[WhiteFideId "739049"]
[BlackFideId "13612514"]
[EventDate "2021.06.06"]

1. e4 c5 2. d4 cxd4 3. c3 Nf6 4. e5 Nd5 5. Nf3 Nc6 6. Bc4 Nb6 7. Bb3 d5 8. exd6
Qxd6 9. O-O e6 10. cxd4 Be7 11. Nc3 O-O 12. Nb5 Qd8 13. Bf4 a6 14. Bc7 Qd7 15.
Bxb6 axb5 16. d5 Nd8 17. Rc1 Ra6 18. Rc7 Qd6 19. Rxc8 Rxb6 20. dxe6 Nxe6 21. Qc2
Rc6 22. Rxc6 bxc6 23. Rd1 Qc7 24. Bxe6 fxe6 25. Qe2 Rf6 26. g3 Bc5 27. a3 h6 28.
b4 Bb6 29. Ne5 Rxf2 30. Qxf2 Bxf2+ 31. Kxf2 Qxe5 32. Re1 Qb2+ 33. Re2 Qxa3 34.
Rxe6 Qxb4 35. Rxc6 Qd4+ 36. Kf1 b4 37. Rc8+ Kh7 38. Rb8 Qc4+ 39. Kg2 b3 40. h4
Qc2+ 41. Kh3 b2 42. h5 b1=Q 0-1

[Event "Women's Speed Chess Q7"]
[Site "chess.com INT"]
[Date "2021.06.06"]
[Round "20"]
[White "Arabidze, Meri"]
[Black "Nguyen, Hong Anh"]
[Result "1-0"]
[WhiteTitle "IM"]
[BlackTitle "WIM"]
[WhiteElo "2432"]
[BlackElo "1993"]
[WhiteFideId "13604040"]
[BlackFideId "12406732"]
[EventDate "2021.06.06"]

1. Nf3 Nf6 2. d4 g6 3. c4 Bg7 4. Nc3 d5 5. g3 O-O 6. cxd5 Nxd5 7. Bg2 Nxc3 8.
bxc3 c5 9. Bf4 cxd4 10. cxd4 Nc6 11. e3 Bg4 12. O-O Rc8 13. Qa4 a6 14. Rab1 Qa5
15. Qxa5 Nxa5 16. Ne5 Be2 17. Rfe1 Bb5 18. a4 Bxa4 19. Bxb7 Nxb7 20. Rxb7 e6 21.
Ra7 Bb5 22. Nd7 Rfd8 23. Nc5 Bf8 24. Nxa6 Rc2 25. Nc7 Bc6 26. Be5 Bf3 27. h3 Rb8
28. g4 Rbb2 29. Bg3 h5 30. gxh5 Bxh5 31. h4 Bf3 32. Ne8 Bb4 33. Rea1 Bc3 34.
Nf6+ Kg7 35. Ne8+ Kf8 36. Nd6 Kg8 37. Nxf7 Bb4 38. Nh6+ Kf8 39. Rf7+ Ke8 40.
Rxf3 1-0

[Event "Women's Speed Chess Q7"]
[Site "chess.com INT"]
[Date "2021.06.06"]
[Round "20"]
[White "Avramidou, Anastasia"]
[Black "Cori T., Deysi"]
[Result "0-1"]
[WhiteTitle "FM"]
[BlackTitle "WGM"]
[WhiteElo "2238"]
[BlackElo "2388"]
[WhiteFideId "4239873"]
[BlackFideId "3801934"]
[EventDate "2021.06.06"]

1. d4 Nf6 2. c4 e6 3. Nc3 Bb4 4. Nf3 O-O 5. g3 b6 6. Bg2 Bb7 7. O-O d6 8. Qc2
Nbd7 9. Rd1 Qe7 10. Bg5 Bxc3 11. Qxc3 h6 12. Bf4 Ne4 13. Qc2 f5 14. b4 c5 15.
dxc5 dxc5 16. Nd2 e5 17. Nxe4 exf4 18. Nc3 Bxg2 19. Kxg2 fxg3 20. hxg3 cxb4 21.
Nd5 Qe5 22. Nxb4 Nf6 23. Nd5 Ne4 24. Nf4 Qc5 25. e3 Rae8 26. Rd7 Qc6 27. Rd5 Nf6
28. Qd2 Nxd5 29. cxd5 Qd6 30. Rc1 g5 31. Rc6 Qd7 32. Rg6+ Kh7 33. Rc6 gxf4 34.
exf4 Rf7 35. Qd3 Rc8 36. Re6 Rd8 37. Re5 Rg8 38. d6 Rg6 39. Qe3 Qxd6 40. Re8
Qc6+ 41. Kh2 Rd6 42. Qe5 Rdf6 43. Rb8 Qc7 44. Qe8 Rf8 45. Qxf8 Rxf8 46. Rxf8 Qc4
47. Rxf5 Qxa2 0-1

[Event "Women's Speed Chess Q7"]
[Site "chess.com INT"]
[Date "2021.06.06"]
[Round "20"]
[White "Selkirk, Rebecca"]
[Black "Priyanka, K"]
[Result "1-0"]
[WhiteTitle "WCM"]
[BlackTitle "WIM"]
[WhiteElo "1799"]
[BlackElo "2218"]
[WhiteFideId "14306514"]
[BlackFideId "5082986"]
[EventDate "2021.06.06"]

1. e4 c5 2. c3 Nf6 3. e5 Nd5 4. Nf3 Nc6 5. Bc4 e6 6. d4 cxd4 7. cxd4 d6 8. O-O
Be7 9. Nc3 Nxc3 10. bxc3 dxe5 11. Nxe5 Nxe5 12. dxe5 Qxd1 13. Rxd1 Bd7 14. h3
Rc8 15. Bb3 Rxc3 16. Bb2 Rc7 17. Rd3 O-O 18. Rad1 Bb5 19. Rg3 Bc4 20. Bxc4 Rxc4
21. Rd7 Rb4 22. Bd4 Re8 23. Rc3 Bf8 24. Rcc7 a6 25. Bc3 Rb1+ 26. Kh2 Rc1 27.
Rxf7 b5 28. Bd2 Rxc7 29. Rxc7 b4 30. Rb7 Rd8 31. Bxb4 Bxb4 32. Rxb4 Rd2 33. Rb6
Rxf2 34. Rxa6 Re2 35. Rxe6 Rxa2 36. Re7 Kf8 37. Rb7 Re2 38. Rb5 Kf7 39. Kg3 Ke6
40. Kf3 1-0

[Event "Women's Speed Chess Q7"]
[Site "chess.com INT"]
[Date "2021.06.06"]
[Round "20"]
[White "Pourkashiyan, Atousa"]
[Black "Cyfka, Karina"]
[Result "0-1"]
[WhiteTitle "WGM"]
[BlackTitle "IM"]
[WhiteElo "2322"]
[BlackElo "2417"]
[WhiteFideId "12502014"]
[BlackFideId "1122681"]
[EventDate "2021.06.06"]

1. e4 e5 2. Nf3 Nc6 3. Bb5 a6 4. Ba4 Nf6 5. O-O b5 6. Bb3 Bb7 7. a4 b4 8. d3 Bc5
9. a5 d6 10. Nbd2 h6 11. Nc4 O-O 12. Ne3 Nd4 13. Nxd4 Bxd4 14. Nf5 Bc8 15. Nxd4
exd4 16. f4 c5 17. Qf3 Be6 18. Bd2 Bxb3 19. cxb3 Qd7 20. h3 Qe6 21. Qg3 Qxb3 22.
f5 Kh7 23. Bf4 Nh5 24. Qg4 Nxf4 25. Qxf4 Qxd3 26. f6 Qe3+ 27. Qxe3 dxe3 28. fxg7
Kxg7 29. Rae1 Rae8 30. Rxe3 Re6 31. Rd1 Rfe8 32. Red3 Rxe4 33. Rxd6 Re2 34. b3
Rb2 35. Rxa6 Ree2 36. Ra7 Rxg2+ 37. Kh1 Rh2+ 38. Kg1 Rbg2+ 39. Kf1 Ra2 40. Kg1
Rxh3 41. a6 Rxb3 42. Ra8 Rba3 43. Rd6 b3 44. Rb8 b2 45. Rdb6 Rxa6 46. Rxb2 Rxb2
47. Rxb2 Rc6 48. Rc2 c4 49. Kg2 c3 50. Kf3 Kf6 51. Ke4 Ke6 52. Rh2 c2 53. Rxh6+
Kd7 54. Rh1 c1=Q 0-1

[Event "Women's Speed Chess Q7"]
[Site "chess.com INT"]
[Date "2021.06.06"]
[Round "20"]
[White "Gaponenko, Inna"]
[Black "Purtseladze, Maka"]
[Result "0-1"]
[WhiteTitle "IM"]
[BlackTitle "IM"]
[WhiteElo "2357"]
[BlackElo "2274"]
[WhiteFideId "14101181"]
[BlackFideId "13602659"]
[EventDate "2021.06.06"]

1. e4 e6 2. d4 d5 3. exd5 exd5 4. Nf3 c6 5. c4 Be6 6. cxd5 Bxd5 7. Nc3 Bb4 8.
Be2 Nf6 9. O-O O-O 10. Bg5 Be7 11. Ne5 Nbd7 12. Bf3 Nb6 13. Re1 Re8 14. Nxd5
Nfxd5 15. Bxe7 Qxe7 16. Qb3 Qd6 17. h3 Re7 18. a4 Rae8 19. a5 Nd7 20. Bxd5 cxd5
21. Nf3 Nf6 22. Rxe7 Rxe7 23. Rc1 g6 24. Ne5 Kg7 25. Qb5 a6 26. Qc5 Qe6 27. Qc8
Ne4 28. Qxe6 fxe6 29. Rc8 Nd6 30. Rd8 Nf7 31. Nxf7 Kxf7 32. Rh8 Kg7 33. Rc8 Kf6
34. f3 e5 35. dxe5+ Kxe5 36. Kf2 Kd4 37. g4 Kd3 38. Rc3+ Kd2 39. Rb3 d4 40. h4
d3 41. h5 Rd7 42. hxg6 hxg6 43. f4 Kc2 44. Rc3+ Kxb2 45. Rc8 d2 0-1

[Event "Women's Speed Chess Q7"]
[Site "chess.com INT"]
[Date "2021.06.06"]
[Round "20"]
[White "Obregon Garcia, Roxangel"]
[Black "Belenkaya, Dina"]
[Result "0-1"]
[WhiteTitle "WIM"]
[BlackTitle "WGM"]
[WhiteElo "2167"]
[BlackElo "2341"]
[WhiteFideId "3520420"]
[BlackFideId "24142654"]
[EventDate "2021.06.06"]

1. e4 d5 2. exd5 Qxd5 3. Nc3 Qe5+ 4. Qe2 Qxe2+ 5. Ngxe2 Nf6 6. g3 c6 7. Bg2 Nbd7
8. d4 Nb6 9. O-O Bf5 10. Bf4 Bxc2 11. Rac1 Bf5 12. d5 Nfxd5 13. Nxd5 Nxd5 14.
Bxd5 cxd5 15. Nd4 Bd7 16. Rc7 f6 17. Bd2 e5 18. Ne2 Bc6 19. f4 Bd6 20. Rxg7 e4
21. Nd4 Bc5 22. Be3 Bd7 23. Kf2 Bf8 24. Rxd7 Kxd7 25. Rd1 Rc8 26. Nf5 Rc2+ 27.
Kg1 Rxb2 28. g4 Rxa2 29. Bd4 Be7 30. g5 Rg8 31. h4 fxg5 32. fxg5 a5 33. Nxe7
Kxe7 34. Bf6+ Ke6 35. Rc1 e3 36. Kf1 e2+ 37. Ke1 a4 38. Rc7 a3 39. Re7+ Kf5 40.
Re5+ Kf4 41. Rxd5 Rc8 42. Rd4+ Kf3 43. Rd3+ Kg2 0-1

[Event "Women's Speed Chess Q7"]
[Site "chess.com INT"]
[Date "2021.06.06"]
[Round "20"]
[White "Morris-Suzuki, Sophie"]
[Black "Padmini, Rout"]
[Result "0-1"]
[WhiteTitle "WFM"]
[BlackTitle "IM"]
[WhiteElo "2043"]
[BlackElo "2370"]
[WhiteFideId "30922615"]
[BlackFideId "5029295"]
[EventDate "2021.06.06"]

1. e4 c5 2. Nc3 e6 3. Nf3 Nc6 4. d4 cxd4 5. Nxd4 Qc7 6. Be3 a6 7. a3 Nf6 8. f4
d6 9. Bd3 Be7 10. Qf3 O-O 11. h3 Nxd4 12. Bxd4 b5 13. g4 Bb7 14. g5 Nd7 15. Kd1
e5 16. Be3 exf4 17. Bxf4 Ne5 18. Bxe5 dxe5 19. h4 Rad8 20. Nd5 Bxd5 21. exd5 g6
22. Ke2 f5 23. gxf6 Rxf6 24. Qg2 e4 25. Bxe4 Rdf8 26. Raf1 Qe5 27. Rxf6 Rxf6 28.
c3 Rf4 29. Kd3 Bxh4 30. Rf1 Kg7 31. Rxf4 Qxf4 32. Qd2 Qg3+ 33. Kc2 Bg5 34. Qd4+
Bf6 35. Qa7+ Kh6 36. d6 Qxd6 37. Qe3+ Bg5 38. Qh3+ Kg7 39. Bd3 h5 40. Qf3 Qf6
41. Qe4 h4 42. Qg4 Kh6 43. Qc8 Qf2+ 44. Kb3 Qf7+ 45. Kc2 Bf6 46. Qxa6 h3 47. Qb7
Qxb7 0-1

[Event "Women's Speed Chess Q7"]
[Site "chess.com INT"]
[Date "2021.06.06"]
[Round "20"]
[White "Grigoryan, Meri"]
[Black "Kabanova, Ekaterina"]
[Result "1/2-1/2"]
[WhiteTitle "WFM"]
[BlackTitle "WFM"]
[WhiteElo "2044"]
[BlackElo "2138"]
[WhiteFideId "13300571"]
[BlackFideId "24112917"]
[EventDate "2021.06.06"]

1. d4 c5 2. e3 e6 3. c3 Qc7 4. Nf3 a6 5. dxc5 Bxc5 6. Be2 Nf6 7. O-O O-O 8. Nbd2
b5 9. Nb3 Be7 10. Nbd4 Bb7 11. Bd2 d6 12. Qc2 Nbd7 13. Rac1 Rac8 14. c4 bxc4 15.
Bxc4 Qb8 16. Qb3 Qa8 17. Be2 Nc5 18. Qd1 Nce4 19. Bd3 Nxd2 20. Qxd2 Bd5 21. b3
h6 22. Rfe1 Ne4 23. Bxe4 Bxe4 24. Rxc8 Rxc8 25. Rc1 Rxc1+ 26. Qxc1 e5 27. Qc7
Bd8 28. Qxd6 exd4 29. Qxd4 Bxf3 30. gxf3 Bf6 31. Qf4 Qc8 32. e4 Bg5 33. Qd6 Qc1+
34. Kg2 Qc8 35. h3 g6 36. f4 Bd8 37. e5 Bc7 38. Qf6 Qb7+ 39. Kg3 Qe4 40. h4 h5
41. Qe7 Qc6 42. f3 Kg7 43. Qg5 Qd7 44. Qf6+ Kg8 45. f5 gxf5 46. Qg5+ Kf8 47.
Qh6+ Ke7 48. Qf6+ Ke8 49. Qh8+ Ke7 50. Qf6+ Kf8 51. Qh8+ Ke7 52. Qf6+ 1/2-1/2

[Event "Women's Speed Chess Q7"]
[Site "chess.com INT"]
[Date "2021.06.06"]
[Round "20"]
[White "Head, Louise"]
[Black "Eswaran, Aksithi"]
[Result "0-1"]
[WhiteTitle "WFM"]
[BlackTitle "WCM"]
[WhiteElo "2090"]
[BlackElo "1745"]
[WhiteFideId "424773"]
[BlackFideId "2083485"]
[EventDate "2021.06.06"]

1. d4 d5 2. c4 c6 3. Nf3 Nf6 4. Nc3 e6 5. cxd5 exd5 6. Bg5 Be7 7. e3 O-O 8. Qc2
Ne4 9. Bxe7 Qxe7 10. Bd3 f5 11. Rb1 Nd7 12. O-O Ndf6 13. b4 Bd7 14. b5 Rac8 15.
bxc6 Bxc6 16. Bxe4 Nxe4 17. Rfc1 Qd6 18. Qb2 f4 19. Nxe4 dxe4 20. Ne5 fxe3 21.
fxe3 Qf6 22. Nxc6 bxc6 23. Rf1 Qh6 24. Qe2 Qe6 25. h3 Qd5 26. Rbc1 Rb8 27. Rc5
Qd6 28. Rfc1 Rbc8 29. R1c2 Rf6 30. Qc4+ Kh8 31. Rf2 Rxf2 32. Kxf2 Qf6+ 33. Kg1
Rf8 34. Qc2 Qf1+ 35. Kh2 Qe1 36. Qc3 Qf2 37. Rxc6 h6 38. Qc5 Rf7 39. Rc8+ Kh7
40. Qe5 Qxe3 41. Qg3 Qxg3+ 42. Kxg3 Re7 43. Rd8 e3 44. d5 e2 45. d6 e1=Q+ 46.
Kh2 Qe5+ 47. g3 Qe1 48. h4 Re2+ 49. Kh3 Qh1+ 50. Kg4 Qe4+ 51. Kh3 Qg2+ 52. Kg4
Re4+ 53. Kf5 Qf3# 0-1

[Event "Women's Speed Chess Q7"]
[Site "chess.com INT"]
[Date "2021.06.06"]
[Round "20"]
[White "Arpita, Mukherjee"]
[Black "Gevorgyan, Maria"]
[Result "1-0"]
[WhiteTitle "WIM"]
[BlackTitle "WGM"]
[WhiteElo "2206"]
[BlackElo "2219"]
[WhiteFideId "5056403"]
[BlackFideId "13300270"]
[EventDate "2021.06.06"]

1. e4 c5 2. Nf3 Nc6 3. Bb5 g6 4. Bxc6 dxc6 5. Nc3 Bg7 6. d3 Nf6 7. Be3 Nd7 8.
Qd2 h6 9. h3 e5 10. O-O b6 11. Nh2 Nf8 12. Ne2 Ne6 13. c3 g5 14. Ng3 Nf4 15.
Bxf4 exf4 16. Nf5 Bxf5 17. exf5 Qf6 18. Rfe1+ Kf8 19. Qe2 Qxf5 20. Qe7+ Kg8 21.
Qc7 Qxd3 22. Re7 Qf5 23. Rd1 Rf8 24. Ng4 h5 25. Ne5 Rh6 26. Rd8 Rf6 27. Nd7 Rxd8
28. Qxd8+ Kh7 29. Nxf6+ Qxf6 30. Re8 g4 31. Qxf6 Bxf6 32. Ra8 b5 33. Rxa7 b4 34.
Rxf7+ Kg6 35. Rc7 bxc3 36. bxc3 Bxc3 37. Rxc6+ Kf5 38. Rxc5+ Be5 39. Rc3 f3 40.
Rc5 gxh3 41. gxh3 Kf4 42. Rxe5 Kxe5 43. Kh2 h4 44. Kg1 Kd4 45. Kf1 Kc3 46. Ke1
Kb4 47. Kd2 Ka3 48. Ke3 Kxa2 49. Kxf3 Kb3 50. Kg4 Kc4 1-0

[Event "Women's Speed Chess Q7"]
[Site "chess.com INT"]
[Date "2021.06.06"]
[Round "20"]
[White "Mkrtchian, Lilit"]
[Black "Garifullina, Leya"]
[Result "0-1"]
[WhiteTitle "IM"]
[BlackTitle "WGM"]
[WhiteElo "2388"]
[BlackElo "2399"]
[WhiteFideId "13300601"]
[BlackFideId "34127035"]
[EventDate "2021.06.06"]

1. e4 c5 2. Nc3 d6 3. d4 cxd4 4. Qxd4 Nf6 5. b3 Nc6 6. Qd2 e6 7. Bb2 d5 8. exd5
exd5 9. O-O-O Be6 10. Nf3 Qa5 11. Kb1 Bb4 12. Bb5 Ne4 13. Bxc6+ bxc6 14. Nxe4
Bxd2 15. Nexd2 O-O 16. Nd4 c5 17. Nxe6 fxe6 18. Nf3 d4 19. Rhe1 Qb6 20. Re5 a5
21. Rde1 Rf6 22. R1e2 a4 23. Nd2 axb3 24. axb3 Qa5 25. Nc4 Qa2+ 26. Kc1 Raf8 27.
f3 d3 28. cxd3 Qxb3 29. R5e3 Qb4 30. Bxf6 Rxf6 31. Rb2 Qc3+ 32. Kb1 h6 33. Rb8+
Rf8 34. Rxf8+ Kxf8 35. Ne5 Qd2 36. Ng4 Qxg2 37. Rxe6 Qxf3 38. Ne5 Qd1+ 39. Kb2
Kg8 40. Re7 Kh7 41. Nc4 Qh1 42. Re2 Qf3 43. Rd2 h5 44. Kc3 h4 45. Kc2 Qf6 46.
Re2 h3 47. Ne3 Qf3 48. Kd2 g5 49. Ke1 g4 50. Kd2 g3 51. hxg3 Qxg3 52. Nf1 Qf4+
53. Ke1 Kg6 54. Rh2 Qf3 0-1